[Event "Baku Chess Olympiad | Open"]
[Site "chess24.com"]
[Date "2016.09.12"]
[Round "10"]
[White "Jobava, Baadur"]
[Black "Caruana, Fabiano"]
[Result "1/2-1/2"]
[Board "1"]
[WhiteID "13601520"]
[WhiteElo "2665"]
[WhiteTitle "GM"]
[WhiteCountry "GEO"]
[WhiteFideId "13601520"]
[WhiteEloChange "2"]
[BlackID "2020009"]
[BlackElo "2808"]
[BlackTitle "GM"]
[BlackCountry "USA"]
[BlackFideId "2020009"]
[BlackEloChange "-2"]

1. e4 {[%clk 1:30:43]} e5 {[%clk 1:30:56]} 2. Nf3 {[%clk 1:31:07]} Nc6 {[%clk
1:31:22]} 3. Bc4 {[%clk 1:31:31]} Bc5 {[%clk 1:31:46]} 4. c3 {[%clk 1:31:56]} Nf6
{[%clk 1:32:12]} 5. b4 {[%clk 1:32:23]} Bb6 {[%clk 1:31:45]} 6. d3 {[%clk
1:32:48]} d6 {[%clk 1:32:02]} 7. a4 {[%clk 1:33:10]} a5 {[%clk 1:32:12]} 8. b5
{[%clk 1:33:35]} Ne7 {[%clk 1:32:33]} 9. Nbd2 {[%clk 1:33:52]} Ng6 {[%clk
1:32:17]} 10. O-O {[%clk 1:34:16]} O-O {[%clk 1:32:15]} 11. Ba2 {[%clk 1:34:40]}
c6 {[%clk 1:26:54]} 12. Nc4 {[%clk 1:34:59]} Bc7 {[%clk 1:27:07]} 13. Re1 {[%clk
1:35:24]} Re8 {[%clk 1:25:42]} 14. Bg5 {[%clk 1:35:50]} Be6 {[%clk 0:56:53]} 15.
Ne3 {[%clk 1:32:46]} d5 {[%clk 0:49:35]} 16. Bxf6 {[%clk 1:31:50]} gxf6 {[%clk
0:49:38]} 17. g3 {[%clk 1:25:23]} Qd7 {[%clk 0:45:14]} 18. Nd2 {[%clk 1:16:57]}
f5 {[%clk 0:35:20]} 19. exf5 {[%clk 1:16:57]} Bxf5 {[%clk 0:35:45]} 20. Nxf5
{[%clk 0:29:23]} Qxf5 {[%clk 0:36:04]} 21. Qf3 {[%clk 0:27:06]} Qxf3 {[%clk
0:32:15]} 22. Nxf3 {[%clk 0:27:30]} Kg7 {[%clk 0:31:45]} 23. Rab1 {[%clk
0:25:49]} Rab8 {[%clk 0:30:32]} 24. Kg2 {[%clk 0:24:45]} Bd6 {[%clk 0:28:41]} 25.
Re2 {[%clk 0:23:55]} f5 {[%clk 0:23:32]} 26. c4 {[%clk 0:22:13]} dxc4 {[%clk
0:23:14]} 27. Bxc4 {[%clk 0:22:27]} Bb4 {[%clk 0:22:31]} 28. bxc6 {[%clk
0:20:43]} bxc6 {[%clk 0:22:48]} 29. Ng5 {[%clk 0:20:56]} Re7 {[%clk 0:21:00]} 30.
Ne6+ {[%clk 0:14:33]} Kf6 {[%clk 0:20:52]} 31. Nc5 {[%clk 0:14:42]} Rb6 {[%clk
0:11:17]} 32. Reb2 {[%clk 0:12:28]} Ra7 {[%clk 0:11:07]} 33. h3 {[%clk 0:09:34]}
Ne7 {[%clk 0:10:45]} 34. d4 {[%clk 0:08:26]} exd4 {[%clk 0:10:41]} 35. Nd3 {[%clk
0:08:53]} c5 {[%clk 0:10:37]} 36. Re2 {[%clk 0:08:35]} Ng6 {[%clk 0:09:08]} 37.
Rbb2 {[%clk 0:04:59]} Rd6 {[%clk 0:05:46]} 38. f4 {[%clk 0:04:29]} Re7 {[%clk
0:05:11]} 39. Kf3 {[%clk 0:04:11]} h5 {[%clk 0:04:40]} 40. Rxe7 {[%clk 0:32:05]}
Nxe7 {[%clk 0:34:41]} 41. Re2 {[%clk 0:32:31]} Nd5 {[%clk 0:29:30]} 42. Re8
{[%clk 0:31:59]} Nb6 {[%clk 0:24:59]} 43. Ne5 {[%clk 0:32:12]} Nxc4 {[%clk
0:24:48]} 44. Nxc4 {[%clk 0:32:38]} 1/2-1/2

[Event "Baku Chess Olympiad | Open"]
[Site "chess24.com"]
[Date "2016.09.12"]
[Round "10"]
[White "Nakamura, Hikaru"]
[Black "Mchedlishvili, Mikheil"]
[Result "0-1"]
[Board "2"]
[WhiteID "2016192"]
[WhiteElo "2789"]
[WhiteTitle "GM"]
[WhiteCountry "USA"]
[WhiteFideId "2016192"]
[WhiteEloChange "-7"]
[BlackID "13600966"]
[BlackElo "2609"]
[BlackTitle "GM"]
[BlackCountry "GEO"]
[BlackFideId "13600966"]
[BlackEloChange "7"]

1. d4 {[%clk 1:30:57]} d5 {[%clk 1:30:37]} 2. c4 {[%clk 1:31:23]} c6 {[%clk
1:30:35]} 3. Nf3 {[%clk 1:31:49]} Nf6 {[%clk 1:30:25]} 4. g3 {[%clk 1:32:14]} g6
{[%clk 1:27:57]} 5. Bg2 {[%clk 1:31:23]} Bg7 {[%clk 1:28:19]} 6. Nbd2 {[%clk
1:30:25]} O-O {[%clk 1:26:48]} 7. O-O {[%clk 1:30:35]} a5 {[%clk 1:21:53]} 8. b3
{[%clk 1:29:46]} Bf5 {[%clk 1:16:30]} 9. Bb2 {[%clk 1:28:19]} Ne4 {[%clk
1:13:59]} 10. Nh4 {[%clk 1:14:11]} Nxd2 {[%clk 1:12:37]} 11. Qxd2 {[%clk
1:12:35]} Be6 {[%clk 1:10:19]} 12. e4 {[%clk 1:03:59]} dxc4 {[%clk 1:06:38]} 13.
d5 {[%clk 0:56:59]} Bxb2 {[%clk 1:04:02]} 14. Qxb2 {[%clk 0:57:26]} cxd5 {[%clk
1:03:35]} 15. Rfd1 {[%clk 0:49:16]} d4 {[%clk 1:00:31]} 16. bxc4 {[%clk 0:45:30]}
Nc6 {[%clk 0:59:29]} 17. Qxb7 {[%clk 0:44:56]} Qc8 {[%clk 0:54:07]} 18. Qb5
{[%clk 0:37:45]} Rb8 {[%clk 0:53:31]} 19. Qc5 {[%clk 0:37:56]} Rb7 {[%clk
0:42:47]} 20. Nf3 {[%clk 0:32:43]} Rd8 {[%clk 0:41:20]} 21. Nd2 {[%clk 0:32:31]}
d3 {[%clk 0:37:07]} 22. Rab1 {[%clk 0:29:38]} Rc7 {[%clk 0:36:48]} 23. Rb6 {[%clk
0:29:51]} Nd4 {[%clk 0:33:17]} 24. Qxa5 {[%clk 0:29:59]} Bxc4 {[%clk 0:33:13]}
25. Nf3 {[%clk 0:14:46]} Ne2+ {[%clk 0:27:04]} 26. Kh1 {[%clk 0:15:16]} Be6
{[%clk 0:26:30]} 27. Ne1 {[%clk 0:08:59]} Rc1 {[%clk 0:22:05]} 28. Rxc1 {[%clk
0:07:21]} Qxc1 {[%clk 0:19:39]} 29. Rc6 {[%clk 0:07:26]} d2 {[%clk 0:18:47]} 30.
Qxd8+ {[%clk 0:06:27]} Kg7 {[%clk 0:19:12]} 31. Rxc1 {[%clk 0:06:55]} dxc1Q
{[%clk 0:19:34]} 32. Qa5 {[%clk 0:07:12]} Nc3 {[%clk 0:19:47]} 33. Bf3 {[%clk
0:07:38]} Qxe1+ {[%clk 0:17:11]} 34. Kg2 {[%clk 0:08:07]} h5 {[%clk 0:16:47]} 35.
Qb4 {[%clk 0:04:19]} Bxa2 {[%clk 0:16:05]} 36. Qxe7 {[%clk 0:04:42]} Bc4 {[%clk
0:14:45]} 37. Qe5+ {[%clk 0:04:33]} Kh7 {[%clk 0:14:31]} 38. Kh3 {[%clk 0:05:00]}
Qxf2 {[%clk 0:11:17]} 39. Qxc3 {[%clk 0:04:59]} Bf1+ {[%clk 0:11:00]} 0-1

[Event "Baku Chess Olympiad | Open"]
[Site "chess24.com"]
[Date "2016.09.12"]
[Round "10"]
[White "Pantsulaia, Levan"]
[Black "So, Wesley"]
[Result "0-1"]
[Board "3"]
[WhiteID "13602071"]
[WhiteElo "2601"]
[WhiteTitle "GM"]
[WhiteCountry "GEO"]
[WhiteFideId "13602071"]
[WhiteEloChange "-3"]
[BlackID "5202213"]
[BlackElo "2782"]
[BlackTitle "GM"]
[BlackCountry "USA"]
[BlackFideId "5202213"]
[BlackEloChange "3"]

1. Nf3 {[%clk 1:30:55]} d5 {[%clk 1:30:53]} 2. g3 {[%clk 1:31:18]} g6 {[%clk
1:31:19]} 3. c4 {[%clk 1:30:20]} dxc4 {[%clk 1:31:36]} 4. Na3 {[%clk 1:30:18]}
Bg7 {[%clk 1:31:58]} 5. Nxc4 {[%clk 1:29:46]} Nc6 {[%clk 1:32:19]} 6. d3 {[%clk
1:29:59]} e5 {[%clk 1:30:49]} 7. Bd2 {[%clk 1:26:33]} Be6 {[%clk 1:22:40]} 8. Rc1
{[%clk 1:20:34]} Nge7 {[%clk 1:19:54]} 9. Bg2 {[%clk 1:20:09]} a5 {[%clk
1:15:24]} 10. O-O {[%clk 1:13:32]} O-O {[%clk 1:14:57]} 11. b3 {[%clk 1:06:10]}
h6 {[%clk 1:10:56]} 12. Bc3 {[%clk 1:05:15]} f6 {[%clk 1:08:50]} 13. Qd2 {[%clk
0:57:33]} a4 {[%clk 1:08:35]} 14. Bb2 {[%clk 0:49:50]} axb3 {[%clk 1:01:41]} 15.
axb3 {[%clk 0:48:30]} b5 {[%clk 1:02:07]} 16. Ne3 {[%clk 0:38:43]} Na5 {[%clk
0:59:34]} 17. Qb4 {[%clk 0:39:07]} Nxb3 {[%clk 0:57:52]} 18. Ng5 {[%clk 0:24:18]}
hxg5 {[%clk 0:50:49]} 19. Bxa8 {[%clk 0:24:37]} c5 {[%clk 0:50:51]} 20. Rxc5
{[%clk 0:23:45]} Qxa8 {[%clk 0:48:45]} 21. Rxb5 {[%clk 0:21:10]} Nc6 {[%clk
0:48:54]} 22. Qd6 {[%clk 0:18:22]} Nbd4 {[%clk 0:48:15]} 23. Bxd4 {[%clk
0:18:45]} Nxd4 {[%clk 0:48:41]} 24. Rb2 {[%clk 0:19:09]} Rd8 {[%clk 0:46:15]} 25.
Qb6 {[%clk 0:18:53]} f5 {[%clk 0:40:47]} 26. Rfb1 {[%clk 0:17:26]} f4 {[%clk
0:40:01]} 27. Nc4 {[%clk 0:15:04]} e4 {[%clk 0:36:08]} 28. e3 {[%clk 0:08:28]}
fxe3 {[%clk 0:34:44]} 29. fxe3 {[%clk 0:07:54]} exd3 {[%clk 0:32:42]} 30. exd4
{[%clk 0:07:45]} Bxc4 {[%clk 0:32:52]} 31. Qxg6 {[%clk 0:06:36]} Qd5 {[%clk
0:33:02]} 32. Rf2 {[%clk 0:05:14]} Qxd4 {[%clk 0:33:06]} 33. Rb2 {[%clk 0:01:31]}
Qe5 {[%clk 0:31:25]} 34. Rbd2 {[%clk 0:00:32]} Rd6 {[%clk 0:29:41]} 35. Qf5
{[%clk 0:00:33]} Qe1+ {[%clk 0:29:52]} 36. Rf1 {[%clk 0:00:39]} Qxd2 {[%clk
0:30:18]} 37. Qc8+ {[%clk 0:01:04]} Kh7 {[%clk 0:30:44]} 0-1

[Event "Baku Chess Olympiad | Open"]
[Site "chess24.com"]
[Date "2016.09.12"]
[Round "10"]
[White "Shankland, Samuel L"]
[Black "Sanikidze, Tornike"]
[Result "1-0"]
[Board "4"]
[WhiteID "2004887"]
[WhiteElo "2679"]
[WhiteTitle "GM"]
[WhiteCountry "USA"]
[WhiteFideId "2004887"]
[WhiteEloChange "3"]
[BlackID "13602608"]
[BlackElo "2497"]
[BlackTitle "GM"]
[BlackCountry "GEO"]
[BlackFideId "13602608"]
[BlackEloChange "-3"]

1. d4 {[%clk 1:30:51]} d5 {[%clk 1:30:25]} 2. c4 {[%clk 1:31:14]} e6 {[%clk
1:30:45]} 3. Nc3 {[%clk 1:31:36]} Bb4 {[%clk 1:30:40]} 4. a3 {[%clk 1:31:55]}
Bxc3+ {[%clk 1:30:55]} 5. bxc3 {[%clk 1:32:19]} Nf6 {[%clk 1:31:13]} 6. e3 {[%clk
1:32:37]} c5 {[%clk 1:31:37]} 7. cxd5 {[%clk 1:32:57]} exd5 {[%clk 1:32:02]} 8.
Bd3 {[%clk 1:33:24]} O-O {[%clk 1:32:23]} 9. Ne2 {[%clk 1:33:50]} b6 {[%clk
1:32:47]} 10. O-O {[%clk 1:34:12]} Ba6 {[%clk 1:33:14]} 11. f3 {[%clk 1:34:34]}
Bxd3 {[%clk 1:33:39]} 12. Qxd3 {[%clk 1:35:00]} Re8 {[%clk 1:34:01]} 13. Ng3
{[%clk 1:35:25]} Nc6 {[%clk 1:34:26]} 14. Bb2 {[%clk 1:35:46]} c4 {[%clk
1:34:51]} 15. Qe2 {[%clk 1:36:11]} h5 {[%clk 1:34:30]} 16. Qf2 {[%clk 1:36:35]}
Qd7 {[%clk 1:16:48]} 17. Rae1 {[%clk 1:36:57]} Ne7 {[%clk 1:13:01]} 18. e4 {[%clk
1:31:23]} h4 {[%clk 1:11:36]} 19. Nh1 {[%clk 1:31:12]} Ng6 {[%clk 0:39:12]} 20.
e5 {[%clk 1:25:54]} Nh5 {[%clk 0:32:41]} 21. Bc1 {[%clk 1:24:21]} Nhf4 {[%clk
0:25:49]} 22. Bxf4 {[%clk 1:20:57]} Nxf4 {[%clk 0:26:17]} 23. Qxh4 {[%clk
1:20:36]} Nd3 {[%clk 0:26:46]} 24. Re3 {[%clk 1:15:01]} Re6 {[%clk 0:23:58]} 25.
f4 {[%clk 1:14:58]} Rh6 {[%clk 0:22:25]} 26. Qg3 {[%clk 1:15:21]} Qa4 {[%clk
0:22:04]} 27. Nf2 {[%clk 0:50:29]} Nxf2 {[%clk 0:21:47]} 28. Qxf2 {[%clk
0:50:53]} Qxa3 {[%clk 0:22:08]} 29. f5 {[%clk 0:51:19]} a5 {[%clk 0:07:40]} 30.
Rg3 {[%clk 0:48:43]} Kh8 {[%clk 0:02:19]} 31. Qf4 {[%clk 0:44:49]} Qf8 {[%clk
0:00:44]} 32. f6 {[%clk 0:45:03]} gxf6 {[%clk 0:01:09]} 33. exf6 {[%clk 0:45:03]}
Re8 {[%clk 0:01:37]} 34. Qf5 {[%clk 0:42:09]} Rh7 {[%clk 0:00:33]} 35. Rh3 {[%clk
0:40:33]} Qg8 {[%clk 0:00:35]} 36. Rff3 {[%clk 0:40:50]} Re1+ {[%clk 0:00:35]}
37. Kf2 {[%clk 0:41:16]} Re2+ {[%clk 0:00:33]} 38. Kxe2 {[%clk 0:41:42]} Qxg2+
{[%clk 0:00:58]} 39. Ke1 {[%clk 0:42:08]} 1-0

[Event "Baku Chess Olympiad | Open"]
[Site "chess24.com"]
[Date "2016.09.12"]
[Round "10"]
[White "Ponomariov, Ruslan"]
[Black "Laznicka, Viktor"]
[Result "1/2-1/2"]
[Board "2"]
[WhiteID "14103320"]
[WhiteElo "2709"]
[WhiteTitle "GM"]
[WhiteCountry "UKR"]
[WhiteFideId "14103320"]
[WhiteEloChange "-1"]
[BlackID "316385"]
[BlackElo "2651"]
[BlackTitle "GM"]
[BlackCountry "CZE"]
[BlackFideId "316385"]
[BlackEloChange "1"]

1. e4 {[%clk 1:30:57]} c6 {[%clk 1:30:52]} 2. d4 {[%clk 1:31:11]} d5 {[%clk
1:31:18]} 3. e5 {[%clk 1:31:33]} Bf5 {[%clk 1:31:43]} 4. Nf3 {[%clk 1:31:43]} e6
{[%clk 1:31:57]} 5. Be2 {[%clk 1:31:58]} c5 {[%clk 1:32:17]} 6. O-O {[%clk
1:28:21]} Nc6 {[%clk 1:31:58]} 7. c3 {[%clk 1:28:29]} cxd4 {[%clk 1:31:41]} 8.
Nxd4 {[%clk 1:28:49]} Nge7 {[%clk 1:31:39]} 9. f4 {[%clk 1:19:10]} Qb6 {[%clk
1:10:35]} 10. Bb5 {[%clk 1:00:34]} O-O-O {[%clk 0:52:26]} 11. a4 {[%clk 0:45:08]}
Nxd4 {[%clk 0:37:03]} 12. Be3 {[%clk 0:43:31]} Nec6 {[%clk 0:33:31]} 13. cxd4
{[%clk 0:41:34]} Nb4 {[%clk 0:33:28]} 14. Rf2 {[%clk 0:37:44]} Kb8 {[%clk
0:30:46]} 15. Nc3 {[%clk 0:37:35]} a5 {[%clk 0:28:35]} 16. g4 {[%clk 0:31:25]}
Be4 {[%clk 0:28:58]} 17. Qe2 {[%clk 0:31:17]} Nc2 {[%clk 0:26:37]} 18. Rd1 {[%clk
0:28:12]} Nxe3 {[%clk 0:21:57]} 19. Qxe3 {[%clk 0:28:26]} f5 {[%clk 0:20:00]} 20.
exf6 {[%clk 0:27:06]} gxf6 {[%clk 0:19:25]} 21. Nxe4 {[%clk 0:27:26]} dxe4 {[%clk
0:19:50]} 22. Qxe4 {[%clk 0:27:51]} Bc5 {[%clk 0:07:01]} 23. Rfd2 {[%clk
0:27:10]} Bb4 {[%clk 0:06:57]} 24. Re2 {[%clk 0:26:10]} Rxd4 {[%clk 0:05:24]} 25.
Rxd4 {[%clk 0:26:35]} Rd8 {[%clk 0:05:44]} 26. Kg2 {[%clk 0:26:41]} Rxd4 {[%clk
0:06:06]} 27. Qxe6 {[%clk 0:26:58]} Qxe6 {[%clk 0:06:25]} 28. Rxe6 {[%clk
0:27:24]} Rxf4 {[%clk 0:06:52]} 29. Kg3 {[%clk 0:26:50]} Bd2 {[%clk 0:07:17]} 30.
Rd6 {[%clk 0:18:09]} Bc1 {[%clk 0:07:14]} 31. Rd1 {[%clk 0:18:12]} Be3 {[%clk
0:07:36]} 32. b3 {[%clk 0:14:28]} h6 {[%clk 0:03:30]} 33. Rd5 {[%clk 0:12:31]}
Rd4 {[%clk 0:02:39]} 34. Rf5 {[%clk 0:12:42]} Rd6 {[%clk 0:02:44]} 35. Bc4 {[%clk
0:10:30]} b6 {[%clk 0:03:02]} 36. Kh4 {[%clk 0:10:21]} Rd2 {[%clk 0:01:31]} 37.
h3 {[%clk 0:10:37]} Rf2 {[%clk 0:01:21]} 38. Rxf2 {[%clk 0:07:38]} Bxf2+ {[%clk
0:01:44]} 39. Kh5 {[%clk 0:08:05]} Be3 {[%clk 0:02:09]} 40. h4 {[%clk 0:38:21]}
Bf2 {[%clk 0:32:31]} 41. Kxh6 {[%clk 0:38:21]} 1/2-1/2

[Event "Baku Chess Olympiad | Open"]
[Site "chess24.com"]
[Date "2016.09.12"]
[Round "10"]
[White "Hracek, Zbynek"]
[Black "Kryvoruchko, Yuriy"]
[Result "1/2-1/2"]
[Board "3"]
[WhiteID "300071"]
[WhiteElo "2591"]
[WhiteTitle "GM"]
[WhiteCountry "CZE"]
[WhiteFideId "300071"]
[WhiteEloChange "1"]
[BlackID "14109182"]
[BlackElo "2693"]
[BlackTitle "GM"]
[BlackCountry "UKR"]
[BlackFideId "14109182"]
[BlackEloChange "-1"]

1. e4 {[%clk 1:30:56]} e5 {[%clk 1:30:47]} 2. Nf3 {[%clk 1:31:21]} Nc6 {[%clk
1:31:13]} 3. Bc4 {[%clk 1:31:46]} Bc5 {[%clk 1:31:15]} 4. O-O {[%clk 1:32:00]}
Nf6 {[%clk 1:31:30]} 5. d3 {[%clk 1:32:24]} O-O {[%clk 1:30:40]} 6. c3 {[%clk
1:31:38]} a6 {[%clk 1:27:23]} 7. a4 {[%clk 1:30:45]} h6 {[%clk 1:26:01]} 8. Re1
{[%clk 1:27:11]} d6 {[%clk 1:26:19]} 9. h3 {[%clk 1:27:25]} Re8 {[%clk 1:24:15]}
10. Nbd2 {[%clk 1:25:02]} Be6 {[%clk 1:24:29]} 11. Bxe6 {[%clk 1:24:32]} Rxe6
{[%clk 1:24:19]} 12. b4 {[%clk 1:24:33]} Ba7 {[%clk 1:23:50]} 13. Qc2 {[%clk
1:21:01]} Ne7 {[%clk 1:21:50]} 14. Nf1 {[%clk 1:16:30]} Ng6 {[%clk 1:19:26]} 15.
Ng3 {[%clk 1:09:27]} d5 {[%clk 1:14:15]} 16. c4 {[%clk 1:00:02]} c6 {[%clk
1:09:04]} 17. a5 {[%clk 0:48:57]} Qd7 {[%clk 1:05:45]} 18. c5 {[%clk 0:41:08]}
Rae8 {[%clk 1:02:37]} 19. Nf5 {[%clk 0:37:21]} Bb8 {[%clk 1:01:14]} 20. g3 {[%clk
0:36:24]} Nh7 {[%clk 0:55:50]} 21. Be3 {[%clk 0:28:53]} Ne7 {[%clk 0:50:35]} 22.
N3h4 {[%clk 0:22:01]} h5 {[%clk 0:47:23]} 23. Rad1 {[%clk 0:17:36]} g6 {[%clk
0:45:08]} 24. Nxe7+ {[%clk 0:14:27]} R6xe7 {[%clk 0:42:03]} 25. Kg2 {[%clk
0:14:24]} Qe6 {[%clk 0:41:38]} 26. Qe2 {[%clk 0:11:49]} Rd7 {[%clk 0:41:34]} 27.
Nf3 {[%clk 0:09:40]} Red8 {[%clk 0:38:37]} 28. Ng5 {[%clk 0:09:13]} Nxg5 {[%clk
0:38:32]} 29. Bxg5 {[%clk 0:09:41]} f6 {[%clk 0:38:53]} 30. Be3 {[%clk 0:09:35]}
dxe4 {[%clk 0:28:26]} 31. dxe4 {[%clk 0:10:03]} Rxd1 {[%clk 0:28:18]} 1/2-1/2

[Event "Baku Chess Olympiad | Open"]
[Site "chess24.com"]
[Date "2016.09.12"]
[Round "10"]
[White "Volokitin, Andrei"]
[Black "Babula, Vlastimil"]
[Result "1-0"]
[Board "4"]
[WhiteID "14107090"]
[WhiteElo "2647"]
[WhiteTitle "GM"]
[WhiteCountry "UKR"]
[WhiteFideId "14107090"]
[WhiteEloChange "4"]
[BlackID "301264"]
[BlackElo "2540"]
[BlackTitle "GM"]
[BlackCountry "CZE"]
[BlackFideId "301264"]
[BlackEloChange "-4"]

1. e4 {[%clk 1:30:56]} c5 {[%clk 1:30:52]} 2. Nf3 {[%clk 1:31:21]} e6 {[%clk
1:31:10]} 3. d4 {[%clk 1:31:37]} cxd4 {[%clk 1:31:33]} 4. Nxd4 {[%clk 1:32:03]}
Nc6 {[%clk 1:31:45]} 5. Nc3 {[%clk 1:32:23]} d6 {[%clk 1:31:54]} 6. Be3 {[%clk
1:26:53]} Nf6 {[%clk 1:30:23]} 7. Qd2 {[%clk 1:26:44]} Be7 {[%clk 1:29:55]} 8. f3
{[%clk 1:24:49]} O-O {[%clk 1:29:34]} 9. O-O-O {[%clk 1:25:14]} a6 {[%clk
1:29:05]} 10. g4 {[%clk 1:24:40]} Nd7 {[%clk 1:28:40]} 11. h4 {[%clk 1:23:49]}
Nxd4 {[%clk 1:28:22]} 12. Bxd4 {[%clk 1:22:34]} b5 {[%clk 1:28:00]} 13. g5 {[%clk
1:20:55]} Qc7 {[%clk 1:22:54]} 14. Kb1 {[%clk 0:44:10]} b4 {[%clk 1:18:27]} 15.
Na4 {[%clk 0:41:25]} Bb7 {[%clk 1:17:52]} 16. Qxb4 {[%clk 0:41:08]} Bc6 {[%clk
1:13:28]} 17. Nc3 {[%clk 0:40:25]} Rfc8 {[%clk 1:08:57]} 18. Qc4 {[%clk 0:28:19]}
Rab8 {[%clk 1:07:51]} 19. b3 {[%clk 0:17:42]} Ne5 {[%clk 0:50:57]} 20. Qe2 {[%clk
0:17:29]} Ba8 {[%clk 0:50:50]} 21. Qg2 {[%clk 0:06:09]} Qa5 {[%clk 0:33:51]} 22.
Rh3 {[%clk 0:03:15]} Ng6 {[%clk 0:24:04]} 23. h5 {[%clk 0:00:39]} Nf4 {[%clk
0:23:51]} 24. Qd2 {[%clk 0:01:05]} Nxh3 {[%clk 0:21:30]} 25. Nd5 {[%clk 0:01:17]}
Qxd2 {[%clk 0:19:42]} 26. Nxe7+ {[%clk 0:01:44]} Kf8 {[%clk 0:20:06]} 27. Rxd2
{[%clk 0:02:09]} Kxe7 {[%clk 0:17:09]} 28. Bxh3 {[%clk 0:02:29]} Rb5 {[%clk
0:14:10]} 29. Rg2 {[%clk 0:02:35]} g6 {[%clk 0:12:55]} 30. h6 {[%clk 0:01:40]}
Bc6 {[%clk 0:07:36]} 31. c4 {[%clk 0:01:41]} Rb7 {[%clk 0:05:30]} 32. Rd2 {[%clk
0:02:03]} Rd7 {[%clk 0:05:03]} 33. Bf6+ {[%clk 0:01:44]} Ke8 {[%clk 0:05:29]} 34.
Kb2 {[%clk 0:01:54]} Rb8 {[%clk 0:05:27]} 35. Bc3 {[%clk 0:00:47]} Ke7 {[%clk
0:05:08]} 36. Bf6+ {[%clk 0:00:48]} Ke8 {[%clk 0:05:36]} 37. Kc3 {[%clk 0:01:04]}
a5 {[%clk 0:05:25]} 38. Bf1 {[%clk 0:01:22]} Kf8 {[%clk 0:03:42]} 39. Bh3 {[%clk
0:01:02]} Ke8 {[%clk 0:03:50]} 40. Bf1 {[%clk 0:31:16]} Kf8 {[%clk 0:33:09]} 41.
Rd4 {[%clk 0:21:41]} Ke8 {[%clk 0:25:01]} 42. Bh3 {[%clk 0:18:50]} Kf8 {[%clk
0:20:18]} 43. Bg4 {[%clk 0:18:22]} Kg8 {[%clk 0:15:19]} 44. f4 {[%clk 0:15:44]}
Re8 {[%clk 0:15:33]} 45. a3 {[%clk 0:14:27]} Kf8 {[%clk 0:13:50]} 46. b4 {[%clk
0:14:27]} axb4+ {[%clk 0:14:14]} 47. axb4 {[%clk 0:14:55]} Rc8 {[%clk 0:13:59]}
48. Kb3 {[%clk 0:12:46]} Ke8 {[%clk 0:07:20]} 49. b5 {[%clk 0:12:02]} Bb7 {[%clk
0:07:18]} 50. Kb4 {[%clk 0:07:10]} Rdc7 {[%clk 0:04:54]} 51. Be2 {[%clk 0:07:35]}
d5 {[%clk 0:03:55]} 52. exd5 {[%clk 0:06:12]} exd5 {[%clk 0:04:20]} 53. cxd5
{[%clk 0:06:20]} Rc1 {[%clk 0:00:52]} 54. d6 {[%clk 0:06:06]} Rb1+ {[%clk
0:00:43]} 55. Ka5 {[%clk 0:06:21]} Ra8+ {[%clk 0:00:34]} 56. Kb6 {[%clk 0:06:47]}
Bc8 {[%clk 0:00:55]} 57. Bf3 {[%clk 0:06:24]} Ra6+ {[%clk 0:00:50]} 58. Kc7
{[%clk 0:06:23]} Rxb5 {[%clk 0:01:03]} 59. Re4+ {[%clk 0:06:16]} 1-0

[Event "Baku Chess Olympiad | Open"]
[Site "chess24.com"]
[Date "2016.09.12"]
[Round "10"]
[White "Harikrishna, P."]
[Black "Karjakin, Sergey"]
[Result "1-0"]
[Board "1"]
[WhiteID "5007003"]
[WhiteElo "2752"]
[WhiteTitle "GM"]
[WhiteCountry "IND"]
[WhiteFideId "5007003"]
[WhiteEloChange "5"]
[BlackID "14109603"]
[BlackElo "2769"]
[BlackTitle "GM"]
[BlackCountry "RUS"]
[BlackFideId "14109603"]
[BlackEloChange "-5"]

1. e4 {[%clk 1:30:57]} e5 {[%clk 1:30:55]} 2. Nf3 {[%clk 1:31:20]} Nc6 {[%clk
1:31:21]} 3. Bc4 {[%clk 1:31:41]} Bc5 {[%clk 1:31:40]} 4. O-O {[%clk 1:32:03]}
Nf6 {[%clk 1:32:04]} 5. d3 {[%clk 1:32:27]} O-O {[%clk 1:32:22]} 6. h3 {[%clk
1:32:45]} d6 {[%clk 1:31:55]} 7. c3 {[%clk 1:33:03]} h6 {[%clk 1:27:42]} 8. Re1
{[%clk 1:32:48]} a5 {[%clk 1:27:44]} 9. Bb3 {[%clk 1:30:02]} Re8 {[%clk 1:20:54]}
10. Nbd2 {[%clk 1:27:58]} Be6 {[%clk 1:20:42]} 11. Ba4 {[%clk 1:27:00]} Ba7
{[%clk 1:11:47]} 12. Nf1 {[%clk 1:20:16]} Rb8 {[%clk 1:12:01]} 13. Bb5 {[%clk
1:16:51]} Bd7 {[%clk 1:12:05]} 14. Ng3 {[%clk 1:06:36]} Ne7 {[%clk 1:12:03]} 15.
Bxd7 {[%clk 1:06:58]} Qxd7 {[%clk 1:12:29]} 16. d4 {[%clk 1:06:44]} Ng6 {[%clk
1:08:21]} 17. Be3 {[%clk 1:05:11]} exd4 {[%clk 1:07:43]} 18. Bxd4 {[%clk
1:05:24]} Bxd4 {[%clk 1:08:09]} 19. cxd4 {[%clk 1:04:58]} a4 {[%clk 1:01:03]} 20.
Rc1 {[%clk 1:03:48]} d5 {[%clk 0:57:18]} 21. e5 {[%clk 1:00:00]} Nh7 {[%clk
0:57:46]} 22. Nh2 {[%clk 0:55:51]} Ng5 {[%clk 0:55:53]} 23. Nh5 {[%clk 0:48:58]}
a3 {[%clk 0:40:04]} 24. b4 {[%clk 0:42:23]} Ne6 {[%clk 0:34:11]} 25. Qd2 {[%clk
0:27:40]} Ng5 {[%clk 0:27:44]} 26. Ng4 {[%clk 0:27:16]} Qf5 {[%clk 0:27:43]} 27.
Nhf6+ {[%clk 0:25:55]} Kh8 {[%clk 0:28:06]} 28. Nxe8 {[%clk 0:25:53]} Rxe8 {[%clk
0:28:34]} 29. Rxc7 {[%clk 0:24:26]} Nf4 {[%clk 0:28:10]} 30. Qe3 {[%clk 0:17:06]}
Nge6 {[%clk 0:27:45]} 31. Rc3 {[%clk 0:16:54]} Qg6 {[%clk 0:26:31]} 32. Qg3
{[%clk 0:16:07]} Ra8 {[%clk 0:26:53]} 33. Kh2 {[%clk 0:14:35]} h5 {[%clk
0:24:33]} 34. Ne3 {[%clk 0:14:43]} Qh7 {[%clk 0:25:01]} 35. Rec1 {[%clk 0:11:46]}
Qe4 {[%clk 0:25:27]} 36. Rc8+ {[%clk 0:10:22]} Rxc8 {[%clk 0:25:55]} 37. Rxc8+
{[%clk 0:10:46]} Kh7 {[%clk 0:26:22]} 38. Qf3 {[%clk 0:09:53]} Qxf3 {[%clk
0:26:17]} 39. gxf3 {[%clk 0:10:18]} Nxd4 {[%clk 0:26:42]} 40. Rc7 {[%clk
0:40:13]} b5 {[%clk 0:55:04]} 41. Rxf7 {[%clk 0:39:55]} Nde6 {[%clk 0:55:24]} 42.
Rd7 {[%clk 0:39:28]} d4 {[%clk 0:55:15]} 43. Nc2 {[%clk 0:37:47]} d3 {[%clk
0:55:40]} 44. Ne1 {[%clk 0:38:02]} 1-0